[Event "Doha 2006"]
[Site "Doha"]
[Date "2006.12.12"]
[Round "7"]
[White "Shobaita, T. (PLE)."]
[Black "Kojima, Sh. (JPN)"]
[Result "1/2-1/2"]
[WhiteElo "2183"]
[BlackElo "2187"]
[PlyCount "143"]
[EventDate "2006.??.??"]
[WhiteTeam "Palästina"]
[BlackTeam "Japan"]
[WhiteTeamCountry "PLE"]
[BlackTeamCountry "JPN"]

1. d4 Nf6 2. c4 e6 3. Nf3 d5 4. Nc3 c6 5. Bg5 h6 6. Bxf6 Qxf6 7. e3 Nd7 8. Rc1
g6 9. Bd3 dxc4 10. Bxc4 Bg7 11. O-O O-O 12. b4 Rd8 13. Qb3 Qe7 14. Rfd1 Nb6 15.
Bd3 Nd5 16. a3 Bd7 17. Ne4 Be8 18. h4 a5 19. Nc5 b6 20. Na6 Qb7 21. bxa5 Rxa6
22. Bxa6 Qxa6 23. e4 Nf4 24. Qxb6 Ne2+ 25. Kh2 Qxb6 26. axb6 Nxc1 27. Rxc1 Rb8
28. Rb1 c5 29. dxc5 Bc6 30. Rb4 Bb7 31. Rc4 Rc8 32. Nd2 Bc6 33. Nb3 Ra8 34. Nd4
Bxe4 35. a4 Bd5 36. Rb4 Kf8 37. g3 Bxd4 38. Rxd4 Ke7 39. Rb4 Kd7 40. a5 Bb7 41.
Rd4+ Kc6 42. Rd6+ Kxc5 43. Rd7 Kc6 44. Rc7+ Kd6 45. Rxb7 Rxa5 46. Rxf7 Ke5 47.
b7 Rb5 48. Kg2 h5 49. Kf1 Rb2 50. Ke1 Kd4 51. Rg7 e5 52. Rxg6 Rxb7 53. Rh6 e4
54. Re6 Rb1+ 55. Ke2 Ra1 56. Rd6+ Ke5 57. Rh6 Ra2+ 58. Kf1 e3 59. Rxh5+ Ke4 60.
fxe3 Kf3 61. Rf5+ Kxg3 62. h5 Kg4 63. Re5 Rh2 64. Ke1 Ra2 65. h6 Rh2 66. Re6
Kf5 67. Ra6 Ke4 68. Kf1 Kxe3 69. Kg1 Rh5 70. Rf6 Ke4 71. Kg2 Ke5 72. Ra6
1/2-1/2

[Event "Doha 2006"]
[Site "Doha"]
[Date "2006.12.12"]
[Round "7"]
[White "Shresta, B. (NEP)."]
[Black "Hakki, I. (SYR)."]
[Result "0-1"]
[WhiteElo "2104"]
[BlackElo "2422"]
[PlyCount "90"]
[EventDate "2006.??.??"]
[WhiteTeam "Nepal"]
[BlackTeam "Syrien"]
[WhiteTeamCountry "NEP"]
[BlackTeamCountry "SYR"]

1. e4 c5 2. Nf3 Nc6 3. d4 cxd4 4. Nxd4 Nf6 5. Nc3 d6 6. Bg5 e6 7. Qd2 a6 8. f4
h6 9. Bh4 Nxe4 10. Nxe4 Qxh4+ 11. g3 Qd8 12. O-O-O d5 13. Nf2 Qb6 14. Nxc6 bxc6
15. Ng4 Rb8 16. b3 Bb4 17. Qd3 O-O 18. Ne5 a5 19. g4 a4 20. g5 axb3 21. cxb3
Qf2 22. Kb1 Ra8 23. Qe2 Qxf4 24. Nd3 Qf5 25. gxh6 g6 26. h4 Bc3 27. Bh3 Qe4 28.
Qc2 Bf6 29. h5 g5 30. Qf2 Qd4 31. Qxd4 Bxd4 32. Rh2 Kh7 33. Rc2 Bd7 34. Ne1 Bh8
35. Nf3 Kxh6 36. Rg1 Rg8 37. Rcg2 f6 38. Nd4 f5 39. Nxe6 Bxe6 40. Re2 Bd7 41.
Re7 Rg7 42. Rge1 g4 43. Bf1 f4 44. Bd3 g3 45. Rxg7 Bxg7 0-1

[Event "Doha 2006"]
[Site "Doha"]
[Date "2006.12.12"]
[Round "7"]
[White "Bakr, J. (SYR)."]
[Black "Surbir, L. (NEP)."]
[Result "1/2-1/2"]
[WhiteElo "2335"]
[BlackElo "2095"]
[PlyCount "87"]
[EventDate "2006.??.??"]
[WhiteTeam "Syrien"]
[BlackTeam "Nepal"]
[WhiteTeamCountry "SYR"]
[BlackTeamCountry "NEP"]

1. e4 c5 2. Nf3 e6 3. d4 cxd4 4. Nxd4 a6 5. Bd3 b5 6. O-O Qc7 7. Kh1 Nc6 8. Nb3
Nf6 9. f4 h5 10. e5 Ng4 11. Nc3 g6 12. Ne4 Be7 13. Qe2 Nb4 14. Be3 Nxe3 15.
Qxe3 Qa7 16. Qe2 Bb7 17. a3 Nxd3 18. cxd3 Rc8 19. h3 Bd5 20. Nbd2 O-O 21. Nc3
Qd4 22. Kh2 Rc6 23. a4 b4 24. Nxd5 Qxd5 25. Nc4 d6 26. Rac1 dxe5 27. fxe5 Qd4
28. Rf3 Rc7 29. Rcf1 Bg5 30. Qe1 Be7 31. Qf2 Qxf2 32. R1xf2 Kg7 33. b3 Bc5 34.
Rc2 Bd4 35. Re2 Rd8 36. g3 Kg8 37. Kg2 Bc5 38. Kf1 Rcd7 39. Rd2 Rd5 40. h4 Bd4
41. Re2 Bc5 42. Rd2 Bd4 43. Re2 Bc5 44. Rd2 1/2-1/2

[Event "Doha 2006"]
[Site "Doha"]
[Date "2006.12.13"]
[Round "8"]
[White "Adianto, U (IND)."]
[Black "Sasikiran, K (IND)."]
[Result "0-1"]
[WhiteElo "2589"]
[BlackElo "2675"]
[PlyCount "124"]
[EventDate "2006.??.??"]
[WhiteTeam "Indonesien"]
[BlackTeam "Indien"]
[WhiteTeamCountry "INA"]
[BlackTeamCountry "IND"]

1. d4 Nf6 2. c4 g6 3. Nc3 d5 4. cxd5 Nxd5 5. e4 Nxc3 6. bxc3 Bg7 7. Nf3 c5 8.
Rb1 O-O 9. Be2 b6 10. O-O Bb7 11. Qd3 e6 12. Bg5 Qc7 13. Qe3 Nd7 14. e5 a6 15.
Rfd1 Rfc8 16. Nd2 b5 17. Bf3 Bxf3 18. Qxf3 b4 19. Ne4 bxc3 20. Qxc3 cxd4 21.
Qxd4 Qxe5 22. Qxd7 Qxe4 23. Rb7 Qf5 24. h3 Rc2 25. Be3 h5 26. a4 Ra2 27. Qc6
Rc2 28. Qd7 Be5 29. Rb4 Rc7 30. Qd2 Bc3 31. Qd6 Be5 32. Qd2 Rac8 33. Qe2 Rc6
34. g4 hxg4 35. hxg4 Qf6 36. Kg2 Qe7 37. Re4 Bg7 38. Bd4 Qb7 39. Bxg7 Kxg7 40.
Kg3 Qb8+ 41. Kg2 Rh8 42. Qd3 Qh2+ 43. Kf1 Rd8 44. Rd4 Rxd4 45. Qxd4+ e5 46. Qe4
Rf6 47. Rd2 Kh7 48. a5 Rf4 49. Qb7 e4 50. Qa7 Qh1+ 51. Ke2 Qf3+ 52. Ke1 Rxg4
53. Rd7 Rg1+ 54. Kd2 Rd1+ 55. Kc2 Rxd7 56. Qxd7 Qxf2+ 57. Kb3 Qf3+ 58. Kb4 e3
59. Qe7 Qf2 60. Qc5 Qf4+ 61. Kc3 e2 62. Qe7 Qf2 0-1

[Event "Doha 2006"]
[Site "Doha"]
[Date "2006.12.13"]
[Round "8"]
[White "Harikrishna, P. (IND)."]
[Black "Megaranto, S. (INA)."]
[Result "1/2-1/2"]
[WhiteElo "2674"]
[BlackElo "2492"]
[PlyCount "131"]
[EventDate "2006.??.??"]
[WhiteTeam "Indien"]
[BlackTeam "Indonesien"]
[WhiteTeamCountry "IND"]
[BlackTeamCountry "INA"]

1. d4 d5 2. c4 c6 3. Nc3 Nf6 4. e3 e6 5. Nf3 Nbd7 6. Bd3 Bd6 7. e4 dxe4 8. Nxe4
Nxe4 9. Bxe4 O-O 10. O-O h6 11. Bc2 e5 12. Qd3 f5 13. c5 Bc7 14. Qc4+ Kh8 15.
dxe5 Nxe5 16. Nxe5 Bxe5 17. Bf4 Bxf4 18. Qxf4 Qf6 19. Rfe1 Be6 20. Re5 Rad8 21.
Rae1 Bc8 22. h4 b6 23. b4 bxc5 24. bxc5 a5 25. Bb3 Kh7 26. h5 Qg5 27. Qxg5 hxg5
28. Re7 Rd7 29. Rxd7 Bxd7 30. Rd1 Bc8 31. Rd6 Rf6 32. Rxf6 gxf6 33. Bf7 Bd7 34.
a3 Kg7 35. Bg6 Be6 36. g3 Kh6 37. f4 gxf4 38. gxf4 Kg7 39. Kf2 Kh6 40. Kg3 Kg7
41. Be8 Bd5 42. Bd7 Kh6 43. Kh4 Be4 44. Be6 Bc2 45. Bf7 Kg7 46. Bc4 Kh6 47. Be2
Be4 48. Kg3 Bd5 49. Kf2 Kg7 50. Ke3 Kh6 51. Kd4 Kg7 52. Kc3 Kh6 53. Bd1 Kg7 54.
Bb3 Bf3 55. Bc2 Be4 56. Bd1 Bd5 57. Be2 Kh6 58. Kd4 Kg7 59. Ke3 Kh6 60. Kf2 Kg7
61. Kg3 Kh6 62. Kh4 Be4 63. Bc4 Kg7 64. Be6 Kh6 65. Bc8 Kg7 66. Bd7 1/2-1/2

[Event "Doha 2006"]
[Site "Doha"]
[Date "2006.12.13"]
[Round "8"]
[White "Sukandar, I. (INA)."]
[Black "Koneru, H. (IND)."]
[Result "0-1"]
[WhiteElo "2239"]
[BlackElo "2545"]
[PlyCount "54"]
[EventDate "2006.??.??"]
[WhiteTeam "Indonesien"]
[BlackTeam "Indien"]
[WhiteTeamCountry "INA"]
[BlackTeamCountry "IND"]

1. e4 g6 2. d4 Bg7 3. Nc3 d6 4. Bc4 e6 5. Nf3 Nd7 6. Be3 a6 7. a4 b6 8. Qd2 h6
9. h4 Ngf6 10. O-O Bb7 11. d5 e5 12. Nh2 Qe7 13. Rfe1 Nh5 14. g3 f5 15. exf5
gxf5 16. Qd1 Qf7 17. Be2 Nhf6 18. Bc4 O-O 19. Qf3 Qg6 20. Rad1 Kh8 21. Bc1 e4
22. Qg2 Ne5 23. Bb3 Nfg4 24. Re2 Nxh2 25. Kxh2 Nf3+ 26. Kh1 Qg4 27. Bd2 Rg8 0-1

[Event "Doha 2006"]
[Site "Doha"]
[Date "2006.12.13"]
[Round "8"]
[White "Sadvakasov, D. (KAZ)."]
[Black "Bu, Xiangzhi (CHN)"]
[Result "1-0"]
[WhiteElo "2596"]
[BlackElo "2671"]
[PlyCount "73"]
[EventDate "2006.??.??"]
[WhiteTeam "Kazakhstan"]
[BlackTeam "China"]
[WhiteTeamCountry "KAZ"]
[BlackTeamCountry "CHN"]

1. e4 c5 2. Nf3 d6 3. d4 cxd4 4. Nxd4 Nf6 5. Nc3 a6 6. Be3 e5 7. Nb3 Be7 8. f3
Be6 9. Qd2 O-O 10. O-O-O a5 11. Bb5 Na6 12. Qe2 Qb8 13. Kb1 Rc8 14. Na4 Bd8 15.
Rd2 Nc7 16. Bd3 Nd7 17. c4 Na6 18. f4 exf4 19. Bxf4 Bf6 20. c5 Bxb3 21. axb3
Naxc5 22. Bc4 Ne5 23. Nb6 a4 24. bxa4 Qa7 25. Nxa8 Rxa8 26. b3 b5 27. Bd5 bxa4
28. b4 Rb8 29. Bxe5 Bxe5 30. Rf1 Qa5 31. Rb2 Qb6 32. Rxf7 Kh8 33. bxc5 Qxb2+
34. Qxb2 Bxb2 35. c6 Bc3+ 36. Rb7 Rf8 37. c7 1-0

[Event "Doha 2006"]
[Site "Doha"]
[Date "2006.12.13"]
[Round "8"]
[White "Wang, Yue (CHN)"]
[Black "Kazhgaleyev, M. (KAZ)."]
[Result "1/2-1/2"]
[WhiteElo "2644"]
[BlackElo "2609"]
[PlyCount "136"]
[EventDate "2006.??.??"]
[WhiteTeam "China"]
[BlackTeam "Kazakhstan"]
[WhiteTeamCountry "CHN"]
[BlackTeamCountry "KAZ"]

1. d4 d5 2. c4 c6 3. Nf3 Nf6 4. e3 a6 5. Bd3 Bg4 6. Nbd2 Nbd7 7. O-O e5 8. cxd5
Nxd5 9. Be2 exd4 10. Nxd4 Bxe2 11. Qxe2 Ne5 12. b3 Nc3 13. Qh5 Nd3 14. Qf5 Nxc1
15. Rfxc1 Nd5 16. Nc4 Be7 17. e4 Nb6 18. Rd1 Nxc4 19. bxc4 Qc7 20. Nf3 g6 21.
Qh3 Rd8 22. Qh6 Bf8 23. Rxd8+ Qxd8 24. Qe3 Bg7 25. Rb1 Qe7 26. h4 O-O 27. e5
Rd8 28. Qa7 Rd7 29. Qe3 Qe6 30. Qe4 h6 31. g3 Bf8 32. Kg2 Bc5 33. Rb2 Kg7 34.
Rd2 Rxd2 35. Nxd2 b5 36. Nb3 Bb6 37. c5 Bc7 38. Nd4 Qxe5 39. Qxe5+ Bxe5 40.
Nxc6 Kf6 41. Kf3 Ke6 42. Ke4 f5+ 43. Kd3 Bf6 44. Nb4 a5 45. Nc6 Kd5 46. Nxa5
Kxc5 47. Nb3+ Kd5 48. Nc1 Bd4 49. f3 Bf2 50. Ne2 Ke5 51. Kc3 Be1+ 52. Kd3 Bf2
53. Kc3 Be1+ 54. Kd3 Kf6 55. Ke3 h5 56. a3 Ke5 57. Nf4 Bxg3 58. Nxg6+ Kf6 59.
Nf4 Bxh4 60. Nxh5+ Ke5 61. f4+ Ke6 62. Ng7+ Kd5 63. Nxf5 Bf6 64. Kd3 Bb2 65.
Ne3+ Ke6 66. Nc2 Kf5 67. Nd4+ Kxf4 68. Nxb5 Bxa3 1/2-1/2

[Event "Doha 2006"]
[Site "Doha"]
[Date "2006.12.13"]
[Round "8"]
[White "Aketaeva, D. (KAZ)."]
[Black "Zhao, Xue (CHN)"]
[Result "0-1"]
[WhiteElo "2312"]
[BlackElo "2467"]
[PlyCount "98"]
[EventDate "2006.??.??"]
[WhiteTeam "Kazakhstan"]
[BlackTeam "China"]
[WhiteTeamCountry "KAZ"]
[BlackTeamCountry "CHN"]

1. d4 d5 2. c4 e6 3. Nf3 Nf6 4. g3 dxc4 5. Qa4+ c6 6. Qxc4 b5 7. Qc2 Bb7 8. Bg2
Nbd7 9. O-O c5 10. Bg5 Qb6 11. dxc5 Bxc5 12. Nc3 O-O 13. Rad1 h6 14. Bc1 Rac8
15. Qb3 a6 16. Ne1 Be7 17. Be3 Qc7 18. Rc1 Bxg2 19. Nxg2 Nc5 20. Qc2 Qb7 21. a3
Nce4 22. Qb3 Nd6 23. a4 b4 24. Nb1 Nf5 25. Nd2 Nd5 26. Nc4 Rfd8 27. a5 Ndxe3
28. fxe3 Qb5 29. g4 Nd6 30. Nxd6 Bxd6 31. Rxc8 Rxc8 32. Qd1 Qe5 33. Rf4 g5 34.
Rf3 Qxh2+ 35. Kf2 h5 36. gxh5 g4 37. Rf4 Bxf4 38. exf4 Qxh5 39. Qd7 Rc2 40.
Qd8+ Kh7 41. Qd3+ Qf5 42. Qxa6 Rxb2 43. Qb7 Kg7 44. a6 Qc5+ 45. Kg3 Rxe2 46. a7
Qf2+ 47. Kh2 Qh4+ 48. Kg1 Qg3 49. Kf1 Qf2# 0-1

[Event "Doha 2006"]
[Site "Doha"]
[Date "2006.12.13"]
[Round "8"]
[White "Annaberdiev, M. (TKM)."]
[Black "Al-Modiahki, M. (QAT)."]
[Result "0-1"]
[WhiteElo "2457"]
[BlackElo "2550"]
[PlyCount "95"]
[EventDate "2006.??.??"]
[WhiteTeam "Turkmenistan"]
[BlackTeam "Qatar"]
[WhiteTeamCountry "TKM"]
[BlackTeamCountry "QAT"]

1. d4 e6 2. e4 d5 3. Nc3 Bb4 4. exd5 exd5 5. Bd3 Nf6 6. Nge2 O-O 7. O-O Re8 8.
Bg5 c6 9. Qc1 Nbd7 10. Ng3 Nf8 11. Nce2 h6 12. Bf4 Ng6 13. Bd2 Bxd2 14. Qxd2
Ne4 15. Bxe4 dxe4 16. Nc3 f5 17. Rad1 Qh4 18. d5 Ne5 19. dxc6 bxc6 20. Qd6 Kh7
21. h3 e3 22. Qd4 f4 23. Nge2 Bxh3 24. Qxf4 Qxf4 25. Nxf4 Bg4 26. f3 Bf5 27.
Rfe1 Nc4 28. Rd4 Nxb2 29. g4 c5 30. Rd5 Bxc2 31. Re2 Na4 32. Rxc2 Nxc3 33. Rxc3
e2 34. Ng2 e1=Q+ 35. Nxe1 Rxe1+ 36. Kf2 Ra1 37. Rc2 Rc8 38. Rd7 c4 39. Rxa7 Rb1
40. Ra3 Kg6 41. Kg3 Rd1 42. Re3 Rd4 43. Rec3 Kf6 44. Re3 Rc6 45. Kf2 g6 46. Kg3
h5 47. gxh5 gxh5 48. f4 {On Time.} 0-1

[Event "Doha 2006"]
[Site "Doha"]
[Date "2006.12.13"]
[Round "8"]
[White "Al Sayed, M. N. (QAT)."]
[Black "Amanov, M. (TKM)."]
[Result "1-0"]
[WhiteElo "2486"]
[BlackElo "2339"]
[PlyCount "131"]
[EventDate "2006.??.??"]
[WhiteTeam "Qatar"]
[BlackTeam "Turkmenistan"]
[WhiteTeamCountry "QAT"]
[BlackTeamCountry "TKM"]

1. e4 c5 2. Nf3 Nc6 3. Bb5 g6 4. Bxc6 bxc6 5. O-O Bg7 6. Re1 Nf6 7. e5 Nd5 8.
c4 Nc7 9. d4 cxd4 10. Qxd4 d6 {Diagram #} 11. Bh6 Ne6 12. Qe3 O-O 13. Bxg7 Nxg7
14. Nbd2 Qb6 15. Qc3 Rb8 16. exd6 exd6 17. b3 d5 18. Re7 Qc5 19. Qe5 Be6 20.
Rc7 Qb6 21. c5 Qxc5 22. Ne4 Qc2 23. Nf6+ Kh8 24. Ng5 Qf5 25. Qxf5 gxf5 26. Rxc6
h6 27. Nf3 Ne8 28. Nh5 Rb4 29. Rd1 Ng7 30. Nf6 a5 31. Rd4 Ra8 32. Rc5 Rxd4 33.
Nxd4 f4 34. f3 a4 35. b4 Ne8 36. Nh5 Rb8 37. b5 Nd6 38. Nxf4 Kg8 39. Kf2 a3 40.
Ke2 Bd7 41. Rxd5 Bxb5+ 42. Nxb5 Nxb5 43. Kd3 Rb6 44. Kc4 Nc7 45. Ra5 Ne6 46.
Nxe6 Rxe6 47. Kd3 Rb6 48. Rxa3 Rb2 49. Ra4 Kh7 50. g4 Rxh2 51. Ra5 Kg6 52. a4
Ra2 53. Ke4 Re2+ 54. Kf4 Ra2 55. Ra8 Ra1 56. a5 Ra4+ 57. Ke5 Ra3 58. a6 Kg7 59.
Kd5 Rxf3 60. Rc8 Ra3 61. Rc6 Ra5+ 62. Kd6 Ra4 63. Kc7 Rxg4 64. a7 Ra4 65. Kb7
Rxa7+ 66. Kxa7 1-0

[Event "Doha 2006"]
[Site "Doha"]
[Date "2006.12.13"]
[Round "8"]
[White "Kasimdzhanov, R. (UZB)."]
[Black "Ghaem M., E. (IRI)."]
[Result "1-0"]
[WhiteElo "2672"]
[BlackElo "2581"]
[PlyCount "67"]
[EventDate "2006.??.??"]
[WhiteTeam "Uzbekistan"]
[BlackTeam "Iran"]
[WhiteTeamCountry "UZB"]
[BlackTeamCountry "IRI"]

1. d4 Nf6 2. c4 e6 3. Nc3 Bb4 4. Qc2 O-O 5. a3 Bxc3+ 6. Qxc3 b6 7. Bg5 Bb7 8.
f3 h6 9. Bh4 d5 10. e3 Nbd7 11. cxd5 Nxd5 12. Bxd8 Nxc3 13. Bh4 Nd5 14. Bf2 f5
15. Bb5 c6 16. Bd3 c5 17. Ne2 Rad8 18. O-O e5 19. Rad1 Ne7 20. Nc3 Kh8 21. Rfe1
a6 22. Bc2 g5 23. dxc5 Nxc5 24. b4 Ne6 25. Bb3 Bc8 26. Na4 b5 27. Nb6 Ng7 28.
Nxc8 Nxc8 29. e4 fxe4 30. Bc5 exf3 31. Bxf8 Rxf8 32. gxf3 Ne7 33. Rxe5 Ng6 34.
Rd6 1-0

[Event "Doha 2006"]
[Site "Doha"]
[Date "2006.12.13"]
[Round "8"]
[White "Moradiabadi, E. (IRI)."]
[Black "Barsov, A. (UZB)."]
[Result "1-0"]
[WhiteElo "2539"]
[BlackElo "2537"]
[PlyCount "45"]
[EventDate "2006.??.??"]
[WhiteTeam "Iran"]
[BlackTeam "Uzbekistan"]
[WhiteTeamCountry "IRI"]
[BlackTeamCountry "UZB"]

1. d4 e6 2. Nf3 d5 3. c4 Nf6 4. Nc3 dxc4 5. Bg5 Bb4 6. e4 c5 7. e5 h6 8. exf6
hxg5 9. fxg7 Rg8 10. Bxc4 g4 11. Nd2 cxd4 12. Nce4 Rxg7 13. h3 g3 14. O-O b5
15. Bxb5+ Bd7 {Diagram #} 16. Qh5 Qe7 17. Rac1 Kd8 18. Nb3 f5 19. Bxd7 Kxd7 20.
Nxg3 Qd6 21. a3 Qd5 22. Qh8 Re7 23. Rc8 1-0

[Event "Doha 2006"]
[Site "Doha"]
[Date "2006.12.13"]
[Round "8"]
[White "Sabirova, O. (UZB)."]
[Black "Pourkashian, A. (IRI)."]
[Result "1/2-1/2"]
[WhiteElo "2230"]
[BlackElo "2329"]
[PlyCount "87"]
[EventDate "2006.??.??"]
[WhiteTeam "Uzbekistan"]
[BlackTeam "Iran"]
[WhiteTeamCountry "UZB"]
[BlackTeamCountry "IRI"]

1. e4 c5 2. Nc3 e6 3. g3 d5 4. d3 Nf6 5. Bg2 Be7 6. Nge2 Nc6 7. O-O O-O 8. f4
a6 9. a4 Rb8 10. f5 dxe4 11. fxe6 exd3 12. exf7+ Rxf7 13. Qxd3 Qxd3 14. cxd3
Bd7 15. Nd5 Rd8 16. Be3 Be8 17. Nec3 Nd4 18. Nxf6+ Bxf6 19. Bd5 Nc2 20. Bxc5
Nxa1 21. Rxa1 Bxc3 22. Bxf7+ Bxf7 23. bxc3 Rxd3 24. Bd4 Rd2 25. Re1 Bd5 26. Re7
Rg2+ 27. Kf1 Rxh2 28. Rxg7+ Kf8 29. a5 Bc6 30. g4 Rh4 31. Kf2 h5 32. Kg3 Rxg4+
33. Rxg4 hxg4 34. Kxg4 Ke7 35. Kf4 Kd6 36. Ke3 Kd5 37. Kd3 Bb5+ 38. Kc2 Kc4 39.
Kb2 Bc6 40. Bb6 Be4 41. Bd8 Kb5 42. Bc7 Kc4 43. Bd8 Kb5 44. Bc7 1/2-1/2

[Event "Doha 2006"]
[Site "Doha"]
[Date "2006.12.13"]
[Round "8"]
[White "Hakki, I. (SYR)."]
[Black "Hossain, E. (BAN)."]
[Result "0-1"]
[WhiteElo "2422"]
[BlackElo "2503"]
[PlyCount "104"]
[EventDate "2006.??.??"]
[WhiteTeam "Syrien"]
[BlackTeam "Bangladesch"]
[WhiteTeamCountry "SYR"]
[BlackTeamCountry "BAN"]

1. e4 c5 2. Nf3 Nc6 3. Bb5 d6 4. Bxc6+ bxc6 5. O-O g6 6. e5 Bg7 7. Re1 Nh6 8.
exd6 Qxd6 9. Nc3 O-O 10. Qe2 Bg4 11. h3 Bxf3 12. Qxf3 Nf5 13. b3 Rab8 14. Rb1
Nd4 15. Qd1 Ne6 16. Ne4 Qd5 17. d3 Rbd8 18. Bd2 Rd7 19. Qc1 Re8 20. Qa3 f5 21.
Nc3 Qd6 22. Na4 Rdd8 23. Rbd1 f4 24. f3 Nd4 25. Qc1 g5 26. c3 Nf5 27. Qc2 Qxd3
28. Qc1 Ng3 29. Kh2 Qf5 30. c4 Bd4 31. Ba5 Rd6 32. Bc7 Rd7 33. Ba5 e5 34. Qb1
Qxb1 35. Rxb1 e4 36. fxe4 Rde7 37. Nc3 Kf7 38. Na4 Rxe4 39. Rxe4 Rxe4 40. Re1
Rxe1 41. Bxe1 Ne4 42. Ba5 Be5 43. Kg1 h5 44. Kf1 Ke6 45. Be1 Kf5 46. Ke2 g4 47.
hxg4+ hxg4 48. Bh4 Bd4 49. Be1 Ng5 50. Bh4 f3+ 51. gxf3 gxf3+ 52. Kf1 Ne4 0-1

[Event "Doha 2006"]
[Site "Doha"]
[Date "2006.12.13"]
[Round "8"]
[White "Reefat, B. (BAN)."]
[Black "Bakr, J. (SYR)."]
[Result "1-0"]
[WhiteElo "2489"]
[BlackElo "2335"]
[PlyCount "48"]
[EventDate "2006.??.??"]
[WhiteTeam "Bangladesch"]
[BlackTeam "Syrien"]
[WhiteTeamCountry "BAN"]
[BlackTeamCountry "SYR"]

1. e4 c5 2. Nf3 d6 3. d4 cxd4 4. Nxd4 Nf6 5. Nc3 g6 6. Be3 Bg7 7. f3 O-O 8. Qd2
Nc6 9. O-O-O Be6 10. h4 Ne5 11. h5 Nxh5 12. Bh6 Bxh6 13. Qxh6 Rc8 14. Nd5 Bd7
15. g4 Bxg4 16. fxg4 Nxg4 17. Qg5 Ngf6 18. Nf5 Nxd5 19. exd5 f6 20. Qe3 Rf7 21.
Nh6+ Kg7 22. Nxf7 Kxf7 {Diagram #} 23. Rxh5 gxh5 24. Qe6+ Kf8 1-0

[Event "Doha 2006"]
[Site "Doha"]
[Date "2006.12.13"]
[Round "8"]
[White "Mir Mahmoud, A. (SYR)."]
[Black "Akter, Sh. (BAN)"]
[Result "0-1"]
[WhiteElo "1983"]
[BlackElo "2096"]
[PlyCount "87"]
[EventDate "2006.??.??"]
[WhiteTeam "Syrien"]
[BlackTeam "Bangladesch"]
[WhiteTeamCountry "SYR"]
[BlackTeamCountry "BAN"]

1. d4 d5 2. Nf3 Nf6 3. c4 c6 4. Nc3 dxc4 5. a4 Bf5 6. e3 e6 7. Bxc4 Bb4 8. O-O
O-O 9. Qe2 Bg6 10. Ne5 Nbd7 11. Rd1 Nxe5 12. dxe5 Nd7 13. f4 Qc7 14. e4 Nc5 15.
Kh1 Bxc3 16. bxc3 Nxe4 17. Qf3 Rfd8 18. Re1 Qa5 19. Ba3 Qxc3 20. Qxc3 Nxc3 21.
Bb2 Ne4 22. Kg1 Rd2 23. Bc1 Rd4 24. Bf1 Rad8 25. Be3 Rb4 26. a5 c5 27. Rec1 b6
28. axb6 axb6 29. Rab1 Rxb1 30. Rxb1 Rb8 31. Bd3 Nc3 32. Bxg6 hxg6 33. Rb3 Na4
34. Kf2 b5 35. Bd2 c4 36. Ra3 Nc5 37. Ke3 b4 38. Ra1 c3 39. Bc1 Nb3 40. Rb1
Nxc1 41. Rxc1 b3 42. Kd3 c2 43. Re1 Rc8 44. Kd4 0-1

[Event "Doha 2006"]
[Site "Doha"]
[Date "2006.12.13"]
[Round "8"]
[White "Batchuluun, C. (MGL)."]
[Black "Dao Thien, H. (VIE)."]
[Result "1/2-1/2"]
[WhiteElo "2404"]
[BlackElo "2557"]
[PlyCount "24"]
[EventDate "2006.??.??"]
[WhiteTeam "Mongolei"]
[BlackTeam "Vietnam"]
[WhiteTeamCountry "MGL"]
[BlackTeamCountry "VIE"]

1. d4 d5 2. c4 e6 3. Nc3 Nf6 4. Bg5 c6 5. e3 Nbd7 6. Nf3 Qa5 7. Nd2 dxc4 8.
Bxf6 Nxf6 9. Nxc4 Qd8 10. Be2 Be7 11. O-O O-O 12. Rc1 Nd5 1/2-1/2

[Event "Doha 2006"]
[Site "Doha"]
[Date "2006.12.13"]
[Round "8"]
[White "Nguyen Anh, D. (VIE)."]
[Black "Gundavaa, B. (MGL)."]
[Result "0-1"]
[WhiteElo "2541"]
[BlackElo "2237"]
[PlyCount "88"]
[EventDate "2006.??.??"]
[WhiteTeam "Vietnam"]
[BlackTeam "Mongolei"]
[WhiteTeamCountry "VIE"]
[BlackTeamCountry "MGL"]

1. e4 c5 2. Nf3 d6 3. d4 cxd4 4. Nxd4 Nf6 5. Nc3 a6 6. Bg5 e6 7. f4 Nbd7 8. Qf3
Qc7 9. O-O-O Be7 10. g4 b5 11. Bxf6 Nxf6 12. g5 Nd7 13. f5 Nc5 14. f6 gxf6 15.
gxf6 Bf8 16. Rg1 h5 17. a3 Bd7 18. Bh3 Rb8 {Diagram #} 19. Nd5 exd5 20. exd5
Bxh3 21. Qxh3 Nd7 22. Nc6 Rb6 23. Rg7 Rxc6 24. dxc6 Nxf6 25. Rg2 Be7 26. Qf3
Ng4 27. Re2 Ne5 28. Rxe5 dxe5 29. Rd7 Qb6 30. Qg2 e4 31. Qxe4 Qg1+ 32. Rd1 Qg5+
33. Kb1 O-O 34. Rd5 Qh4 35. Qe3 Bf6 36. c7 Qxh2 37. Qf3 Qg1+ 38. Ka2 Qg4 39.
Qh1 Qc4+ 40. Kb1 Qxc7 41. Qxh5 Bg7 42. Rc5 Qf4 43. c3 Re8 44. Ka2 Qh6 0-1

[Event "Doha 2006"]
[Site "Doha"]
[Date "2006.12.13"]
[Round "8"]
[White "Mongontuul, B. (MGL)."]
[Black "Nguyen Thi, Th. (VIE)"]
[Result "1-0"]
[WhiteElo "2383"]
[BlackElo "2312"]
[PlyCount "91"]
[EventDate "2006.??.??"]
[WhiteTeam "Mongolei"]
[BlackTeam "Vietnam"]
[WhiteTeamCountry "MGL"]
[BlackTeamCountry "VIE"]

1. e4 c5 2. Nf3 Nc6 3. d4 cxd4 4. Nxd4 Nf6 5. Nc3 d6 6. f3 e5 7. Nb3 Be7 8. Be3
O-O 9. Qd2 a5 10. Bb5 Na7 11. Bd3 Nc6 12. a3 a4 13. Nc1 Be6 14. N1e2 d5 15.
exd5 Nxd5 16. Nxd5 Qxd5 17. Nc3 Qa5 18. Qf2 Nd4 19. O-O Rad8 20. Kh1 Qa8 21. f4
Nb3 22. Rad1 exf4 {Diagram #} 23. Bb6 Rxd3 24. Rxd3 Na5 25. Qxf4 Qa6 26. Bd4
Nc6 27. Rfd1 h6 28. Ne4 Nxd4 29. Rxd4 Rc8 30. Nc3 b5 31. Nd5 Bg5 32. Qe4 Qc6
33. h4 Bxd5 34. Rxd5 Re8 35. Qb4 Bf6 36. Qxb5 Qa8 37. Qc4 Rc8 38. Rc5 Rxc5 39.
Qxc5 Bxh4 40. Qd5 Qb8 41. c4 Bf6 42. Qe4 Qg3 43. c5 g6 44. Rd5 Bg5 45. Qe8+ Kg7
46. Qe5+ 1-0

[Event "Doha 2006"]
[Site "Doha"]
[Date "2006.12.13"]
[Round "8"]
[White "Laylo, D. (PHI)."]
[Black "Tamra, A. (PLE)."]
[Result "1-0"]
[WhiteElo "2448"]
[BlackElo "2102"]
[PlyCount "85"]
[EventDate "2006.??.??"]
[WhiteTeam "Philippinen"]
[BlackTeam "Palästina"]
[WhiteTeamCountry "PHI"]
[BlackTeamCountry "PLE"]

1. c4 Nf6 2. Nc3 g6 3. g3 d5 4. cxd5 Nxd5 5. Bg2 Nb6 6. h4 Bg7 7. h5 c6 8. h6
Bf6 9. Ne4 N8d7 10. Nf3 Nd5 11. Nxf6+ N7xf6 12. b3 Qb6 13. Bb2 Bf5 14. Ne5 O-O
15. d3 Rfd8 16. Qc1 Ng4 17. Nxg4 Bxg4 18. Rh4 Be6 19. Re4 Nf6 20. Bxf6 exf6 21.
Qc3 Kf8 {Diagram #} 22. Rxe6 fxe6 23. Qxf6+ Ke8 24. Qxe6+ Kf8 25. Qf6+ Ke8 26.
Qh8+ Ke7 27. Qxh7+ Kd6 28. Qxg6+ Kc7 29. Qg7+ Rd7 30. Qe5+ Rd6 31. h7 Qd4 32.
Qxd4 Rxd4 33. Be4 Kd7 34. Kd2 Ke7 35. Rh1 Rdd8 36. f4 Kf7 37. g4 Kg7 38. g5 Rf8
39. f5 a5 40. f6+ Kh8 41. Rf1 b5 42. g6 Ra7 43. g7+ 1-0

[Event "Doha 2006"]
[Site "Doha"]
[Date "2006.12.13"]
[Round "8"]
[White "Shobaita, T. (PLE)."]
[Black "Dableo, R. (PHI)."]
[Result "0-1"]
[WhiteElo "2183"]
[BlackElo "2425"]
[PlyCount "54"]
[EventDate "2006.??.??"]
[WhiteTeam "Palästina"]
[BlackTeam "Philippinen"]
[WhiteTeamCountry "PLE"]
[BlackTeamCountry "PHI"]

1. d4 Nf6 2. c4 c5 3. d5 b5 4. cxb5 a6 5. b6 d6 6. Nc3 Qxb6 7. e4 g6 8. Nf3 Bg4
9. Be2 Nbd7 10. O-O Bxf3 11. Bxf3 Bg7 12. Rb1 O-O 13. Be3 Qa5 14. Be2 Rfb8 15.
f4 Ne8 16. Qd2 Nc7 17. Bc4 Nb5 18. Ne2 Qxd2 19. Bxd2 Nb6 20. Bxb5 axb5 21. a3
Nc4 22. Bc3 Bxc3 23. Nxc3 Nd2 24. Rfd1 Nxb1 25. Nxb1 b4 26. e5 bxa3 27. bxa3
Rb2 0-1

[Event "Doha 2006"]
[Site "Doha"]
[Date "2006.12.13"]
[Round "8"]
[White "Talib, M. (UAE)."]
[Black "Nanjo, R. (JPN)."]
[Result "1-0"]
[WhiteElo "2365"]
[BlackElo "2186"]
[PlyCount "83"]
[EventDate "2006.??.??"]
[WhiteTeam "United Arab Emirates"]
[BlackTeam "Japan"]
[WhiteTeamCountry "UAE"]
[BlackTeamCountry "JPN"]

1. c4 e5 2. Nc3 d6 3. g3 Nf6 4. Bg2 g6 5. e4 Bg7 6. Nge2 O-O 7. O-O a6 8. h3
Be6 9. b3 b5 10. d4 c6 11. d5 cxd5 12. cxd5 Bd7 13. Be3 b4 14. Nb1 Nxe4 15.
Bxe4 f5 16. Bg2 f4 17. gxf4 exf4 18. Nxf4 Rxf4 19. Bxf4 Bxa1 20. Nd2 Qf8 21.
Bxd6 Qxd6 22. Qxa1 Qf4 23. Nc4 Ra7 24. Qe1 Bb5 25. Qxb4 Rf7 26. a4 Bxc4 27.
Qxc4 Qd6 28. Qd4 Rf4 29. Qe3 Kg7 30. Rc1 a5 31. Qc3+ Kh6 32. Qxa5 Nd7 33. Qd2
Kg7 34. Rc6 Qf8 35. Rc7 Rf7 36. Qd4+ Kh6 37. d6 g5 38. h4 Qe8 39. hxg5+ Kh5 40.
Qe3 Qh8 41. Bf3+ Kg6 42. Qe6+ 1-0